000 00728nam a2200241Ia 4500
003 GCL
008 140319s9999 xx 000 0 ara d
040 _aGCL /
_cGCL
082 0 4 _a745.6
_bح ا
100 1 _aحبيب الله الفضائلى
245 1 0 _aاطلس الخط والخطوط /
_cحبيب الله الفضائلى
700 1 _aمحمد التونجى
260 _a[S.N] :
_bأطلس للنشر والانتاج الاعلامى ،
_c1993
300 _a555 ص
490 _a
650 0 4 _aالكتابة
650 0 4 _aالخط العربى
650 0 4 _aالخط
650 0 4 _aدراسة الخطوط
650 0 4 _aالخط الكوفى
650 0 4 _aالخط الديوانى
942 _2ddc
_cBK
999 _c35732
_d35732